Professional web design : Techniques and templates(css and xhtml)

Bibliographic Details
Main Author: Eccher, Clint
Format: Book
Language:English
Published: Australia : Course Technology , 2008
Edition:3rd ed.
Subjects:

MARC

LEADER 00000cam a2200000 7i4500
001 0000022562
005 20101008.0
008 100208s -usa eng
020 |a 9781584505679 ,   |c RM199.96 
040 |a INS 
090 0 0 |a TK5105.8   |b E375 2008 
100 1 |a Eccher, Clint 
245 1 0 |a Professional web design :   |b Techniques and templates(css and xhtml)   |c Clint Eccher 
250 |a 3rd ed. 
260 |a Australia :   |b Course Technology ,   |c 2008 
300 |a xvi,735p. :   |b ill. ;   |c 24cm.   |e 1 CD 
650 0 0 |a Web sites deesign 
999 |a 0000021345   |b BOOK   |c Open Shelf   |e Default branch